Statystyki dla Największe aglomeracje w Estonii

Kliknij tutaj aby rozwiązać quiz!

Ogólne statystyki

  • Ten quiz został rozwiązany 58 razy
  • Średni wynik to 3 z 5

Statystyki odpowiedzi

MiejsceMieszkańcyNazwa% Poprawnych
1.505 000Aglomeracja Tallińska
100%
2.98 449Aglomeracja Tartuska
71%
3.59 049Aglomeracja Narewska
61%
4.40 005Aglomeracja Parnawska
47%
5.37 198Aglomeracja Kohtla-Järve
10%

Rozkład punktacji

Percentyl według liczby udzielonych odpowiedzi

Procent ludzi z każdym wynikiem

Twoja historia wyników

Nie rozwiązałeś tego quizu